[Event "GBR-ch U12 106th"]
[Site "Torquay"]
[Date "2019.07.29"]
[Round "2"]
[White "Wu, Yuxuan1111"]
[Black "Harandi, Teymour"]
[Result "1/2-1/2"]
[WhiteElo "1465"]
[BlackElo "1487"]
[PlyCount "81"]
[EventDate "2019.07.28"]
[EventType "swiss"]
[EventRounds "7"]
[EventCountry "ENG"]
[SourceTitle "EXT 2020"]
[Source "ChessBase"]
[SourceDate "2019.10.17"]
[SourceVersion "1"]
[SourceVersionDate "2019.10.17"]
[SourceQuality "1"]

1. e4 c5 2. d4 cxd4 3. c3 dxc3 4. Nxc3 e6 5. Nf3 Bb4 6. Bd2 Nc6 7. a3 Ba5 8. Bd3 d6 9. 0-0 Nf6 10. Re1 e5 11. h3 Bxc3 12. Bxc3 Be6 13. Qe2 Qe7 14. Rad1 Bb3 15. Bc2 Bxc2 16. Qxc2 0-0 17. Nd2 Rfd8 18. Nc4 Rd7 19. Ne3 Rad8 20. Nd5 Nxd5 21. Rxd5 Qe6 22. Red1 Ne7 23. R5d3 d5 24. Qd2 d4 25. Bb4 Nc6 26. Qe1 Qg6 27. Bd2 h6 28. Rg3 Qe6 29. Qe2 Kh7 30. Qg4 Qxg4 31. Rxg4 Ne7 32. Bb4 Ng6 33. Bd2 d3 34. Rg3 Rd6 35. Rf3 f6 36. Bb4 R6d7 37. g3 Rd4 38. Re3 Nh8 39. Bc5 Rc4 40. Bb4 Rcd4 41. Bc5 1/2-1/2

[Event "GBR-ch U12 106th"]
[Site "Torquay"]
[Date "2019.07.28"]
[Round "1"]
[White "Harandi, Teymour"]
[Black "Maton, Emily"]
[Result "1/2-1/2"]
[WhiteElo "1487"]
[BlackElo "1113"]
[PlyCount "34"]
[EventDate "2019.07.28"]
[EventType "swiss"]
[EventRounds "7"]
[EventCountry "ENG"]
[SourceTitle "EXT 2020"]
[Source "ChessBase"]
[SourceDate "2019.10.17"]
[SourceVersion "1"]
[SourceVersionDate "2019.10.17"]
[SourceQuality "1"]

1. e4 c5 2. Nf3 g6 3. c3 Bg7 4. d4 cxd4 5. cxd4 d5 6. e5 e6 7. Nc3 a6 8. Be2 Ne7 9. 0-0 Nbc6 10. Bf4 0-0 11. a3 b5 12. b4 Bb7 13. Rc1 Nf5 14. Qd2 Qb6 15. Rfd1 Rac8 16. Bf1 Rfe8 17. Bg5 Qc7 1/2-1/2